000 01923nas1a22003371i 4500
001 RU\NLR\INFOCOMM29\5000543575
005 20260407001259.0
035 _a(NLR Aleph) 002284191
090 _a4070846
_c4070846
100 _a20050819a20029999|||y0rusy50 ca
101 0 _arus
102 _aRU
110 _aahuzz 0|y|
200 1 _aПрофессиональная библиотека работника социальной службы
_eПроф. науч.-практ. и метод. журн.
_fМежрегион. обществ. орг. "Ассоц. работников социал. служб"
210 _aМ.
_cБ. и.
_d2002 -
606 1 _aСоциальное обслуживание
_jБиблиография рекомендательная
_yРоссийская Федерация
_92078605
_3RU\NLR\AUTH\661254467
686 1 _aУ27(2)2(2Р)я1
686 1 _aС550.473я1
686 1 _aЩ338.3(2)7-9-4
712 0 2 _4570
_aАссоциация работников социальных служб
_cМосква
_3RU\NLR\AUTH\889991581
_9479122
801 2 _aRU
_bNLR
_c20070614
_2rusmarc
801 1 _aRU
_bInfoComm
_c20050819
801 0 _aRU
_bNLR
_gPSBO
852 _aNLR
_jП22/7715
942 _cJOURNAL
980 _aRUSPER